000 00478 a2200109 4500
005 20260327132628.0
100 _aPānasē S.
_9217326
245 _aआधुनिक महाराष्ट्राची जडणघडण शिल्पकार चरित्रकोश खंड ४: न्यायपालिका, प्रशासन आणि संरक्षण
250 _a1st
260 _bSaptahik Vivek Hindusthan Prakashan Samstha
_c2011
942 _cAR
999 _c370787
_d370787